Quizz Pokémon 5G - Statistiques

Statistiques générales
  • Ce quiz a été pris 3 814 fois
  • Le résultat moyen est 103 sur 156
Statistiques - réponses
Nom % Correct
495 Vipélierre
98%
498 Gruikui
96%
501 Moustillon
96%
500 Roitiflam
96%
503 Clamiral
95%
499 Grotichon
94%
497 Majaspic
94%
643 Reshiram
94%
644 Zekrom
94%
496 Lianaja
93%
494 Victini
93%
646 Kyurem
90%
513 Flamajou
88%
515 Flotajou
88%
502 Mateloutre
88%
519 Poichigeon
88%
511 Feuillajou
87%
504 Ratentif
87%
505 Miradar
86%
507 Ponchien
86%
506 Ponchiot
86%
514 Flamoutan
85%
516 Flotoutan
85%
508 Mastouffe
85%
639 Terrakium
85%
638 Cobaltium
84%
521 Déflaisan
84%
640 Viridium
84%
512 Feuiloutan
81%
647 Keldeo
79%
522 Zébibron
79%
509 Chacripan
78%
645 Démétéros
78%
642 Fulguris
78%
523 Zéblitz
78%
641 Boréas
77%
520 Colombeau
77%
610 Coupenotte
77%
510 Léopardus
77%
517 Munna
77%
612 Tranchodon
77%
542 Manternel
76%
553 Crocorible
75%
518 Mushana
75%
551 Mascaïman
74%
648 Meloetta
74%
541 Couverdure
73%
587 Emolga
73%
552 Escroco
73%
649 Genesect
73%
633 Solochi
73%
635 Trioxhydre
73%
534 Bétochef
71%
555 Darumacho
71%
634 Diamat
71%
530 Minotaupe
70%
543 Venipatte
70%
532 Charpenti
69%
526 Gigalithe
69%
611 Incisache
69%
540 Larveyette
69%
524 Nodulithe
69%
529 Rototaupe
69%
544 Scobolide
69%
538 Judokrak
68%
533 Ouvrifier
68%
554 Darumarond
67%
570 Zorua
67%
621 Drakkarmin
66%
539 Karaclée
66%
562 Tutafeh
66%
571 Zoroark
66%
545 Brutapode
65%
607 Funécire
65%
525 Géolithe
65%
609 Lugulabre
65%
637 Pyrax
65%
563 Tutankafer
65%
536 Batracné
64%
537 Crapustule
64%
579 Symbios
64%
535 Tritonde
64%
578 Méios
63%
577 Nucléos
63%
600 Clic
62%
614 Polagriffe
62%
613 Polarhume
62%
615 Hexagel
61%
599 Tic
61%
527 Chovsourir
60%
601 Cliticlic
60%
636 Pyronille
60%
580 Couaneton
59%
596 Mygavolt
59%
531 Nanméouïe
59%
528 Rhinolove
59%
576 Sidérella
59%
582 Sorbébé
59%
584 Sorbouboul
59%
583 Sorboul
59%
595 Statitik
59%
602 Anchwatt
58%
575 Mesmérella
58%
623 Golemastoc
57%
581 Lakmécygne
57%
608 Mélancolux
57%
604 Ohmassacre
57%
574 Scrutella
57%
631 Aflamanoir
56%
632 Fermite
56%
593 Moyade
56%
566 Arkéapti
55%
564 Carapagos
55%
603 Lampéroie
55%
592 Viskuse
55%
560 Baggaïd
54%
628 Gueriaigle
54%
565 Mégapagos
54%
624 Scalpion
54%
625 Scalproie
54%
585 Vivaldaim
54%
550 Bargantua
53%
561 Cryptéro
53%
627 Furaiglon
53%
567 Aéroptéryx
52%
559 Baggiguane
52%
626 Frison
52%
597 Grindur
52%
622 Gringolem
52%
586 Haydaim
52%
617 Limaspeed
52%
546 Doudouvet
51%
598 Noacier
51%
630 Vaututrice
51%
629 Vostourno
51%
616 Escargaume
50%
556 Maracachi
50%
569 Miasmax
50%
572 Chinchidou
49%
549 Fragilady
49%
589 Lançargot
49%
588 Carabing
48%
547 Farfaduvet
48%
618 Limonde
48%
548 Chlorobule
47%
558 Crabaraque
47%
557 Crabicoque
47%
573 Pashmilla
47%
568 Miamiasme
46%
620 Shaofouine
46%
619 Kungfouine
44%
605 Lewsor
42%
606 Neitram
42%
594 Mamanbo
41%
591 Gaulet
39%
590 Trompignon
38%
Aucun quiz correspondant
Distribution des résultats
% des personnes avec chaque résultat
Percentile par nombre de réponses
Votre historique - résultats
Vous n’avez pas pris ce quiz